000
00311nam a22001217a 4500
008
260313b ||||| |||| 00| 0 eng d
041
_a
eng
080
_8
2.1
_a
2.1
100
_a
22
101
_a
Ekonomi
245
_a
Fillimi dhe Bërja e Një Biznesi
_c
Ministria e Tregëtisë dhe Industrisë
942
_2
udc
_c
BK
999
_c
60896
_d
60896